Lược khảo nghệ thuật kiến trúc thế giới

Gespeichert in:
Bibliographische Detailangaben
1. Verfasser: Đặng Thái Hoàng
Format: Buch
Sprache:Undetermined
Veröffentlicht: Hà Nội Văn hóa 1978
Schlagworte:
Tags: Tag hinzufügen
Keine Tags, Fügen Sie den ersten Tag hinzu!
Thư viện lưu trữ: Trung tâm Học liệu Trường Đại học Cần Thơ
LEADER 00501nam a2200169Ia 4500
001 CTU_9530
008 210402s9999 xx 000 0 und d
082 |a 720.9 
082 |b H407 
100 |a Đặng Thái Hoàng 
245 0 |a Lược khảo nghệ thuật kiến trúc thế giới 
245 0 |c Đặng Thái Hoàng 
260 |a Hà Nội 
260 |b Văn hóa 
260 |c 1978 
650 |a architecture 
980 |a Trung tâm Học liệu Trường Đại học Cần Thơ